El General Motin (Record no. 163937)

MARC details
000 -LEADER
campo de control de longitud fija 00657nam a2200193 i 4500
001 - NÚMERO DE CONTROL
campo de control 163937
003 - IDENTIFICADOR DE NÚMERO DE CONTROL
campo de control ES-MaACL
005 - FECHA Y HORA DE LA ÚLTIMA TRANSACCIÓN
campo de control 20250911063600.0
008 - DATOS DE LONGITUD FIJA--INFORMACIÓN GENERAL
campo de control de longitud fija 990601s1886 sp |||| | spa d
040 ## - FUENTE DE CATALOGACIÓN
Centro catalogador/agencia de origen CAT
Lengua de catalogación spa
Centro/agencia transcriptor CAT
Centro/agencia modificador CCPB
080 ## - NÚMERO DE LA CLASIFICACIÓN DECIMAL UNIVERSAL
Número de la Clasificación Decimal Universal 860-3"18"
100 2# - ENTRADA PRINCIPAL--NOMBRE DE PERSONA
Nombre de persona Romero Quiñones, Ubaldo,
Fechas asociadas al nombre 1843-1914
9 (RLIN) 132033
245 13 - MENCIÓN DEL TÍTULO
Título El General Motin
Resto del título : novela original de Sexto Pompeyo.
260 ## - PUBLICACIÓN, DISTRIBUCIÓN, ETC.
Lugar de publicación, distribución, etc. Sabadell :
Nombre del editor, distribuidor, etc. Impr. y Lit. de Juan Comas Faura,
Fecha de publicación, distribución, etc. 1886.
300 ## - DESCRIPCIÓN FÍSICA
Extensión 344 p. ;
Dimensiones 17 cm.
594 ## - Nota al título y mención de responsabilidad
Nota al título y mención de responsabilidad Sexto Pompeyo es seudónimo de Ubaldo Romero Quiñones (Rogers y Lapuente)
852 ## - LOCALIZACIÓN
Ubicación ES-MaACL
Número de control de estantería D-1888
Nota libre -- Rúst.
Holdings
Estatus retirado Estado de pérdida Estado de daño No para préstamo Colección Biblioteca de origen Biblioteca actual Ubicación en estantería Fecha de adquisición Fuente de adquisición Total de préstamos Signatura topográfica completa Código de barras Visto por última vez Precio de reemplazo Tipo de ítem Koha
        Libros del s. XIX Biblioteca del Ateneo de Madrid Biblioteca del Ateneo de Madrid Sala Valle Inclán 17/01/2008     D-1888 901171812 23/02/2023 23/02/2023 Libro impreso antiguo